As competências na escola (Registo nº 4273)

Detalhes MARC
000 -Etiqueta do registo
Cabeçalho 01213nam a2200361 4500
005 - Identificador da versão
Campo de controlo 20240813122057.0
010 ## - Número internacional normalizado dos livros (ISBN)
Número (ISBN) 9895572514
021 ## - Número do Depósito Legal
Código do país PT
Número 232424/05
100 ## - Dados gerais de processamento
Dados gerais de processamento 20061026d2005 k y0pory5003 ba
102 ## - Pais de publicação ou produção
País de publicação Portugal
101 1# - Língua de publicação
Língua do texto, banda sonora, etc. Português
Língua do documento no original Francês
106 ## - Campo de dados codificados: material textual
Dados codificados do material textual r
105 ## - Campo de dados codificados: livros
Dados codificados dos livros a z 001yy
215 ## - Descrição física 
Indicação específica da natureza do documento e extensão da espécie 205 p.
Outras indicações físicas il.
Dimensões 24 cm
200 1# - Titulo e menção de responsabilidade
Título próprio As competências na escola
Informação de outro título aprendizagem e avaliação
Primeira menção de responsabilidade Bernard Rey... [et al.]
Outras menções de responsabilidade trad. Isilda Lourenço Afonso
-- pref. Philippe Meirieu
225 1# - Colecção 
Título próprio da colecção Biblioteca do professor
205 ## - Menção da edição
Menção da edição 1ª ed
210 ## - Publicação, Distribuição, etc. 
Lugar da edição, distribuição, etc. Canelas
Nome do editor, distribuidor, etc. Gailivro
Data da publicação, distribuição, etc. 2005
320 ## - Nota relativa a bibliografia e índices internos 
Texto da nota Bibliografia, p. 201-203
304 ## - Notas relativas a título e menção de responsabilidade 
Texto da nota Tít. orig.: Les competénces à l'école
606 ## - Nome comum usado como assunto
Número de registo de entrada de autoridade 0000993
Palavra de ordem Alunos do ensino básico
Subdivisão de assunto Competências
-- Desenvolvimento
Código do sistema SIPOR
Número de registo de entrada de autoridade 0000994
Palavra de ordem Alunos do ensino básico
Subdivisão de assunto Competências
-- Avaliação
Código do sistema SIPOR
675 ## - Classificação Decimal Universal (CDU)
Notação 371.21
Edição BN
Língua da edição por
Notação 159.95
Edição BN
Língua da edição por
Notação 371.26
Edição BN
Língua da edição por
702 #1 - Nome de autor-pessoa física (responsabilidade secundária)
Número de registo de entrada de autoridade 0000998
Palavra de ordem Afonso
Outra parte do nome não tomada para palavra de ordem Isilda Lourenço
Datas 1956-
Código de função Tradutor
Número de registo de entrada de autoridade 0000999
Palavra de ordem Meirieu
Outra parte do nome não tomada para palavra de ordem Philippe
Datas 1949-
Código de função Autor da introdução / Prefaciador
701 #1 - Nome de autor-pessoa física (co-responsabilidade principal)
Palavra de ordem Rey
Outra parte do nome não tomada para palavra de ordem Bernard
Código de função Autor / Co-autor
942 ## - Elementos de entrada adicionados (Koha)
Tipo de item no Koha Livro
Exemplares
Situação do levantamento Origin of item (home branch) (coded) Biblioteca de empréstimo Código de barras Cota Circulation type (not for loan) Tipo de documento Nota do exemplar Damaged status
  Biblioteca Escolar das Vendas Biblioteca Escolar das Vendas BEV1455 3PED REY   Livro Sem mensagem